| 000 | 00359nam a2200133Ia 4500 | ||
|---|---|---|---|
| 008 | 240624s9999 xx 000 0 und d | ||
| 041 | _aeng | ||
| 082 | _a613.7046 SAR | ||
| 100 | _aSARASWATI SWAMI SATYANANDA | ||
| 245 | _aSURYA NAMASKARA A TECHNIQUE OF SOLAR VIT | ||
| 260 |
_c2003 _aNew Delhi _bFull Circle |
||
| 300 | _a149 : p. : cm. ; 21 | ||
| 365 |
_cRS _b20 |
||
| 999 |
_c5908 _d5908 |
||